| 000 | 00677nam a2200253 a 4500 | ||
|---|---|---|---|
| 001 | nice12345678 | ||
| 003 | IN_TiNIC | ||
| 005 | 20260116015016.0 | ||
| 008 | 050524s1994 mara grp 000 0 eng | ||
| 020 |
_a0936347 _c100 |
||
| 082 | 0 | 0 |
_a492.715 _bTHA |
| 100 | _aThackston, Wheeler M | ||
| 245 | _aIntroduction to Koranic and Classical Arabi | ||
| 260 |
_aMaryland _bIran Books _c1994 |
||
| 300 | _a327p | ||
| 500 | _aincludes index and biblioraphy | ||
| 505 | 2 | _aElementary Grammar of the Language | |
| 650 | _aArabic-Grammar | ||
| 650 | _aQuran-Language, Style | ||
| 700 | 1 | _aThackston, Wheeler M | |
| 902 | _bSRS | ||
| 942 | _cBK | ||
| 999 |
_c17937 _d17937 |
||